<?xml version="1.0" encoding="UTF-8"?><?xml-stylesheet type="text/xsl" href="static/style.xsl"?><OAI-PMH xmlns="http://www.openarchives.org/OAI/2.0/" xmlns:xsi="http://www.w3.org/2001/XMLSchema-instance" xsi:schemaLocation="http://www.openarchives.org/OAI/2.0/ http://www.openarchives.org/OAI/2.0/OAI-PMH.xsd"><responseDate>2026-06-29T02:02:12Z</responseDate><request verb="GetRecord" identifier="oai:docta.ucm.es:20.500.14352/130642" metadataPrefix="marc">https://docta.ucm.es/rest/oai/request</request><GetRecord><record><header><identifier>oai:docta.ucm.es:20.500.14352/130642</identifier><datestamp>2026-01-21T00:54:39Z</datestamp><setSpec>com_20.500.14352_14</setSpec><setSpec>col_20.500.14352_15</setSpec></header><metadata><record xmlns="http://www.loc.gov/MARC21/slim" xmlns:dcterms="http://purl.org/dc/terms/" xmlns:xsi="http://www.w3.org/2001/XMLSchema-instance" xmlns:doc="http://www.lyncode.com/xoai" xsi:schemaLocation="http://www.loc.gov/MARC21/slim http://www.loc.gov/standards/marcxml/schema/MARC21slim.xsd">
   <leader>00925njm 22002777a 4500</leader>
   <datafield ind2=" " ind1=" " tag="042">
      <subfield code="a">dc</subfield>
   </datafield>
   <datafield ind2=" " ind1=" " tag="720">
      <subfield code="a">Puebla Agramunt, Nuria</subfield>
      <subfield code="e">author</subfield>
   </datafield>
   <datafield ind2=" " ind1=" " tag="260">
      <subfield code="c">2008</subfield>
   </datafield>
   <datafield ind1="8" ind2=" " tag="024">
      <subfield code="a">Puebla Agramunt, Nuria. Sección Comentario de jurisprudencia del Tribunal de Justicia de las Comunidades Europeas (TJCE): Selección y comentario de diez sentencias relevantes del TJCE del año 2007: 19 abril (C‑455/05), de 7 junio (C-355/05), de 26 junio (C‑305/05), 28 junio (C‑73/06),  18 julio (C‑277/05), 20 setiembre (C‑177/06), 27 setiembre (C-409/04), 18 octubre (C‑355/06), 13 diciembre (C‑374/06), 18 diciembre (C-314/06), Revista Técnica Tributaria núm.81, abril-junio 2008, págs.. 195-271.</subfield>
   </datafield>
   <datafield ind1="8" ind2=" " tag="024">
      <subfield code="a">0214-6010</subfield>
   </datafield>
   <datafield ind1="8" ind2=" " tag="024">
      <subfield code="a">https://hdl.handle.net/20.500.14352/130642</subfield>
   </datafield>
   <datafield ind1="8" ind2=" " tag="024">
      <subfield code="a">2695-6365</subfield>
   </datafield>
   <datafield ind1="8" ind2=" " tag="024">
      <subfield code="a">https://www.aedaf.es/es/gabinete-de-estudios/revista-tecnica-tributaria</subfield>
   </datafield>
   <datafield ind2="0" ind1="0" tag="245">
      <subfield code="a">Comentario de jurisprudencia del Tribunal de Justicia de las Comunidades Europeas (TJCE): Selección y comentario de diez sentencias relevantes del TJCE del año 2007: 19 abril (C‑455/05), de 7 junio (C-355/05), de 26 junio (C‑305/05), 28 junio (C‑73/06),  18 julio (C‑277/05), 20 setiembre (C‑177/06), 27 setiembre (C-409/04), 18 octubre (C‑355/06), 13 diciembre (C‑374/06), 18 diciembre (C-314/06)</subfield>
   </datafield>
</record></metadata></record></GetRecord></OAI-PMH>